00436cam a2200181 a 4500001000800000005001700008008004100025020001500066040001300081082000700094100001700101245003800118260004000156300001800196500002000214942000700234999001300241213960920240327063820.0980122s1998 ii a 001 0 eng  a8122004997 aDLCcDLC 2221 aDixit, J. N.10aAssignment Colombo /cJ.N. Dixit. aDelhi :bKonark Publishers,cc1998. axxi, 393 p. : aIncludes index. cBK c616d616